|
|
|
|
| LEADER |
00000nas a22000007i 4500 |
| 001 |
IT\ICCU\PAR\1270817 |
| 003 |
ItRI |
| 005 |
20250822110849.0 |
| 008 |
210311c19959999fr |||||||||||| b0||||c |
| 022 |
|
|
|a 1265-3578
|
| 024 |
7 |
0 |
|a P002348879
|2 cnr
|
| 040 |
|
|
|b ita
|c ct
|
| 041 |
|
7 |
|a fre
|2 ISO-639-2
|
| 245 |
0 |
0 |
|a Têtu.
|
| 260 |
|
|
|a Paris :
|b CPPD,
|c 1995-
|
| 300 |
|
|
|a volumi ;
|c 30 cm
|
| 362 |
0 |
|
|a A. 1, n. 1 (lug.-ago. 1995)-
|
| 500 |
|
|
|a Mensile, dal 2018 trimestrale
|
| 500 |
|
|
|a L'editore cambia: CPPD dal 1995-2015, Idyls média (Têtu éditions) nel 2017, dal 2018 Têtu ventures
|
| 942 |
|
|
|2 ddc
|c CR
|
| 952 |
|
|
|0 0
|1 0
|2 ddc
|4 0
|7 1
|9 9580
|a MI
|b MI
|d 2025-08-22
|h luglio-agosto 2005 n° 102
|i P.6
|l 0
|p CDOMP.6
|r 2025-08-22 11:01:55
|w 2025-08-22
|x Il codice a barre ha un punto invece di un trattino perché il codice P-6 esisteva già. Era duplicato.
|y CR
|
| 981 |
|
1 |
|6 z01
|a i
|b xxxe
|
| 982 |
|
1 |
|6 z01
|a n
|
| 999 |
|
|
|c 6917
|d 6917
|